Múzeum kysuckej dediny Vychylovka

Bibliographic Details
Main Author: Húšťavová, Mária, 1947- (Author, Compiler)
Other Authors: Lašut, Filip, 1945-2012 (Photographer), Mihalíková, Anna (Translator)
Format: Book
Language:Slovak
Polish
PhysicalDescription:20 nečíslovaných strán farebné fotografie 21 cm
Published: Čadca FOMI s.r.o. 2021
ISBN:9788099943033
Subjects:

MARC

LEADER 00000cam a2200000 4500
001 vtls012068292
003 SK-MaSNL
005 20260301104150.0
008 230501s2021 xo o g 000 0 slo
015 |a SNBE2021 
020 |a 9788099943033  |q (brožované) 
035 |a urn:nbn:sk:snk-am00ibzi 
035 |a 6A296043-3872-4E44-8699-1D67319D7A53 
040 |a SNK  |b slo  |c SNK  |e rda 
041 1 |a slo  |a pol  |h slo 
043 |a e-xo--- 
044 |a xo  |c SK 
072 7 |a 069  |x Múzeá. Muzeológia. Múzejníctvo. Výstavy  |2 konspekt 
080 |a 069:72.031.4  |2 2011 
080 |a 069.5  |2 2011 
080 |a 39  |2 2011 
080 |a 316.728  |2 2011 
080 |a (036)  |2 2011 
080 |a (437.6)  |2 2011 
100 1 |a Húšťavová, Mária,  |d 1947-  |4 aut  |4 com  |9 49050 
245 1 0 |a Múzeum kysuckej dediny  |b Vychylovka  |c texty a zostavenie: Mária Húšťavová ; foto Filip Lašut ; preklad Anna Mihaliková 
246 3 0 |a Vychylovka 
264 1 |a Čadca  |b FOMI s.r.o.  |c 2021 
300 |a 20 nečíslovaných strán  |b farebné fotografie  |c 21 cm 
336 |a text  |b txt  |2 rdacontent 
337 |a bez média  |b n  |2 rdamedia 
338 |a zväzok  |b nc  |2 rdacarrier 
500 |a Vydané pre Kysucké múzeum Čadca 
500 |a Preložené zo slovenčiny 
500 |a Názov z obálky 
546 |a Súbežný text v poľštine 
610 2 7 |a Múzeum kysuckej dediny  |2 SNKKA  |9 235005 
650 0 7 |a skanzeny  |2 SNKPH  |9 43922 
650 0 7 |a múzejné zbierky  |2 SNKPH  |9 69988 
650 0 7 |a ľudová kultúra  |2 SNKPH  |9 66058 
650 0 7 |a materiálna kultúra  |2 SNKPH  |9 2979 
650 0 7 |a Open-air museums  |2 SNKPHeng  |9 312647 
650 0 7 |a Museum collections  |2 SNKPHeng  |9 265953 
650 0 7 |a Folk culture  |2 SNKPHeng  |9 265677 
650 0 7 |a Material culture  |2 SNKPHeng  |9 330804 
651 7 |a Vychylovka (Nová Bystrica, Slovensko)  |2 SNKPH  |9 89806 
655 7 |a informačné publikácie  |2 SNKPH  |9 70181 
655 7 |a Information publications  |2 SNKPHeng  |9 265188 
700 1 |a Lašut, Filip,  |d 1945-2012  |4 pht  |9 151668 
700 1 |a Mihalíková, Anna  |4 trl  |9 5890 
852 |a Slovenská národná knižnica 
919 |a 978-80-99943-03-3 
954 |a odborná, vedecká literatúra pôvodná (slovenská)  |2 lita 
999 |c 697406  |d 699336 
952 |a SNK  |b SNK  |y PREZ  |7 0  |p 17A1458316  |o snkOSC 29350  |i snk2021/12335  |8 0  |0 0  |1 0  |4 0  |d 2021-09-10  |f 1  |l 0  |r 2026-02-23 20:46:32  |w 2026-02-23 
952 |a SNK  |b SNK  |y PREZ  |7 0  |p 17A1458315  |o snkOSC 29350 D1  |i snk2021/12337  |8 0  |0 0  |1 0  |4 0  |d 2021-09-10  |l 0  |r 2026-02-23 20:46:32  |w 2026-02-23